000 00807nab a2200241u 4500
001 22913
003 HDC
007 c| |||a|c|aaaa
008 210311b20170404my ||||o |||| 00| 0 eng d
040 _aHDC
100 _aLisa Bryant /
_eauthor
_919655
245 0 _aMoCCE bans import of live birds, poultry products from Croatia
_cLisa Bryant
336 _atext
_2rdacontent
337 _acomputer
_2rdamedia
338 _aonline resource
_2rdacarrier
650 _apathogenic avian influenza
_919657
650 _apoultry products
_911603
710 _aDot Emirates
856 _zRequest full-text at [email protected]
942 _2lcc
942 _cNEWS
942 _kNWS0 005084
999 _c20229
_d20229